| 000 | 01910nam a2200481 i 4500 | ||
|---|---|---|---|
| 001 | DIGUCANT0040 | ||
| 003 | NyNyDIG | ||
| 008 | 200721s2014 sp ob 000 0 eng d | ||
| 006 | m o d | ||
| 007 | cr ||||||||||| | ||
| 035 | _a(OCoLC)1191105191 | ||
| 040 |
_aDGITA _beng _erda _epn _cDGITA |
||
| 020 |
_a9788481027013 _qeBook _qpdf |
||
| 020 |
_a8481027014 _qeBook _qpdf |
||
| 020 |
_z9788481027051 _qhbk |
||
| 020 |
_z8481027057 _qhbk |
||
| 050 | 1 | 4 | _aJF511 ebook |
| 082 | 0 | 4 | _a328.3 |
| 245 | 0 | 4 |
_aThe politics of dissensus : _bparliament in debate / _cedited by Kari Palonen, José María Rosales and Tapani Turkka. |
| 264 | 1 |
_aSantander : _bCantabria University Press ; _a[Madrid] : _bMcGraw-Hill Interamericana de España, _c2014. |
|
| 300 | _a1 online resource. | ||
| 336 |
_atext _btxt _2rdacontent |
||
| 337 |
_acomputer _bc _2rdamedia |
||
| 338 |
_aonline resource _bcr _2rdacarrier |
||
| 347 |
_atext file _2rdaft |
||
| 347 | _bPDF | ||
| 490 | 1 |
_aSocial Sciences & Humanities ; _v#2 |
|
| 504 | _aIncludes bibliographical references. | ||
| 588 | 0 | _aOnline resource; title from PDF title page (Digitalia, viewed July 21, 2020) | |
| 650 | 0 |
_aLegislative bodies _xHistory. |
|
| 650 | 0 |
_aParliamentary practice _xHistory. |
|
| 655 | 0 | _aElectronic books. | |
| 700 | 1 |
_aPalonen, Kari, _d1947- _eeditor. |
|
| 700 | 1 |
_aRosales, José María, _eeditor. |
|
| 700 | 1 |
_aTurkka, Tapani, _d1951- _eeditor. |
|
| 791 | 2 |
_aDigitalia (Firm), _edistributor. |
|
| 793 | 0 |
_gDigitalia eBook Collection: _aUniversidad de Cantabria |
|
| 776 | 0 | 8 |
_iPrint version: _tPolitics of dissensus. _dSantander : Cantabria University Press ; Madrid : McGraw-Hill, [2014] _z9788481027051 _w(DLC) 2014437626 _w(OCoLC)885093202 |
| 830 | 0 |
_aSocial Sciences & Humanities ; _v#2. |
|
| 856 | 4 | 0 |
_3Digitalia Hispánica _uhttps://www.digitaliapublishing.com/a/47306/ |
| 910 | _aPremium collection: 2020 | ||
| 942 | _cRAA | ||
| 999 |
_c250165 _d250165 |
||